ბათუმის შოთა რუსთაველის სახელმწიფო უნივერსიტეტის ბიბლიოთეკა

Grammaire En Dialogues: Niveau Intermediaire : (ბიბ.ჩანაწერი № 50827)

000 -LEADER
fixed length control field 00753nam a2200229Ia 4500
001 - CONTROL NUMBER
control field 17781
003 - CONTROL NUMBER IDENTIFIER
control field GE_BSU
005 - DATE AND TIME OF LATEST TRANSACTION
control field 20200224121801.0
008 - FIXED-LENGTH DATA ELEMENTS--GENERAL INFORMATION
fixed length control field 181216s2007fr xx |||||||||||||| ||fre||
020 ## - INTERNATIONAL STANDARD BOOK NUMBER
International Standard Book Number 9782090352160
040 ## - CATALOGING SOURCE
Transcribing agency GE_BSU
041 ## - LANGUAGE CODE
Language code of text/sound track or separate title fre
080 ## - UNIVERSAL DECIMAL CLASSIFICATION NUMBER
Universal Decimal Classification number 811.133.1 M-67
100 ## - MAIN ENTRY--PERSONAL NAME
Personal name Miquel, Claire.
9 (RLIN) 7389
245 ## - TITLE STATEMENT
Title Grammaire En Dialogues: Niveau Intermediaire :
Remainder of title With CD (Audio)] /
Statement of responsibility, etc. Claire Miquel ; Edition. Odile Tanoh-Benon.
260 ## - PUBLICATION, DISTRIBUTION, ETC.
Name of publisher, distributor, etc. Paris :
Place of publication, distribution, etc. CLE International,
Date of publication, distribution, etc. 2007.
300 ## - PHYSICAL DESCRIPTION
Extent 128 p.:
Other physical details ill;
Dimensions 27 cm.
Accompanying material +1CD
653 ## - INDEX TERM--UNCONTROLLED
Uncontrolled term Grammaire En Dialogues: Niveau Intermediaire
653 ## - INDEX TERM--UNCONTROLLED
Uncontrolled term ფრანგული ენა
700 ## - ADDED ENTRY--PERSONAL NAME
Personal name Tanoh-Benon, Odile
Relator term რედაქტორი
9 (RLIN) 7390
942 ## - ADDED ENTRY ELEMENTS (KOHA)
Koha item type წიგნი
Source of classification or shelving scheme
ეგზემპლარები
Withdrawn status Lost status Source of classification or shelving scheme Damaged status Not for loan Permanent Location Current Location Shelving location Date acquired Full call number Barcode Date last seen Copy number Price effective from Koha item type
          ბათუმის შოთა რუსთაველის სახელმწიფო უნივერსიტეტის მთავარი ბიბლიოთეკა ბათუმის შოთა რუსთაველის სახელმწიფო უნივერსიტეტის მთავარი ბიბლიოთეკა წიგნსაცავი 2018-12-17 811.133.1 M-67 45671 2018-12-17 45671 2018-12-17 წიგნი